000 00507nam a2200217Ia 4500
003 IT-RoPAU
008 120407s9999 xx 000 0 und d
040 _aIT-RoPAU
040 _cIT-RoPAU
041 _aita
100 _aGiovanni Villata
245 _aGiovani, religione e vita quotidiana. Da un approccio sociologico ad un progetto pastorale.
250 _aRoma
260 _aPiemme
260 _c1983
300 _a263 p.
300 _c24,5 cm
490 _v1
942 _cBK
999 _c30841
_d30841